ARC-AVRDC training report 1994: Mungnean, soybean, tomato, pepper, cabbage - 12th regional training course in vegetable production and research
Gorde:
| Formatua: | Liburua |
|---|---|
| Hizkuntza: | Undetermined |
| Argitaratua: |
Bangkok
AVRDC
1994
|
| Gaiak: | |
| Etiketak: |
Etiketa erantsi
Etiketarik gabe, Izan zaitez lehena erregistro honi etiketa jartzen!
|
| Thư viện lưu trữ: | Trung tâm Học liệu Trường Đại học Cần Thơ |
|---|
| LEADER | 00533nam a2200157Ia 4500 | ||
|---|---|---|---|
| 001 | CTU_38600 | ||
| 008 | 210402s9999 xx 000 0 und d | ||
| 082 | |a 635 | ||
| 082 | |b A832 | ||
| 245 | 0 | |a ARC-AVRDC training report 1994: Mungnean, soybean, tomato, pepper, cabbage - 12th regional training course in vegetable production and research | |
| 260 | |a Bangkok | ||
| 260 | |b AVRDC | ||
| 260 | |c 1994 | ||
| 650 | |a horticultural products,vegetables | ||
| 904 | |i Liên, 990525 | ||
| 980 | |a Trung tâm Học liệu Trường Đại học Cần Thơ | ||